| 000 | 00513nam a2200181Ia 4500 | ||
|---|---|---|---|
| 008 | 240925s9999 xx 000 0 und d | ||
| 020 | _a9781259005077 | ||
| 082 | _a371.4 RAO | ||
| 100 | _aRAO, S. Narayana; Sahajpal, Prem | ||
| 245 | 0 | _aCounselling and Guidance | |
| 250 | _a3rd | ||
| 260 |
_aNew Delhi: _bMcGraw Hill Education (India) Private Limited _c,2017. |
||
| 300 |
_aVarious pages _b0 _fOriginal |
||
| 500 | _aIncludes Index | ||
| 600 | _aSocial Sciences | ||
| 650 | _aSocial Sciences | ||
| 942 | _cBK | ||
| 999 |
_c16332 _d16332 |
||